000 00816nam a22002177a 4500
003 UA-OsUOA
001 101652
007 ta
008 20130704b un ||||| |||| 00| 0 ukr d
100 _aСлотницька І.
090 _a82
_bС48
942 _cSA
040 _aUA-OsUOA
_bukr
_cUA-OsUOA
_dUA-OsUOA
245 _aСтановлення нової української літератури в суспільно-історичних умовах кінця ХVІІІ ст. ЇЇ роль у національному відродженні. 9-й клас
300 _aС.56-62
955 _a0
041 _aukr
080 _a82
773 0 _w101650
_tУкраїнська мова та література
_dК.
_d2013
_g12
650 7 _a82 Література. Літературознавство
_2UDC
999 _c387851
_d387851